| 000 | 00754cam a2200217 a 4500 | ||
|---|---|---|---|
| 020 | _a0080362664 : | ||
| 020 | _a0080362672 (flexicover) : | ||
| 082 | 0 | 0 |
_a355.33041 _bRIC _cD |
| 100 | 1 |
_aRice, M. A. _946762 |
|
| 245 | 1 | 0 |
_aCommunications and information systems for battlefield command and control / _cM.A. Rice and A.J. Sammes. |
| 250 | _a1st ed. | ||
| 260 |
_aLondon ; _aWashington : _bBrassey's, _c1989. |
||
| 300 |
_axxi, 276 p. : _bill ; _c26 cm. |
||
| 526 |
_a0 _b0 _c0 _d355_330410000000000_RIC |
||
| 526 |
_a0 _b0 _c0 _d355_330410000000000_RIC |
||
| 526 |
_a0 _b0 _c0 _d355_330410000000000_RIC |
||
| 526 |
_a0 _b0 _c0 _d355_330410000000000_RIC |
||
| 650 | 0 |
_aCommand and control systems. _947282 |
|
| 700 | 1 |
_aSammes, A. J. _946764 |
|
| 942 |
_2ddc _cBK |
||
| 999 |
_c551619 _d551619 |
||